Cerebro y adicción : neurobiología del refuerzo /

Bibliographic Details
Main Author: Redolar Ripoll, Diego
Format: Electronic eBook
Language:Spanish
Published: Barcelona : Editorial UOC, 2008.
Edition:1. ed. en lengua castellana.
Series:Psicología (Editorial UOC)
Manuales (Editorial UOC) ; 112
Subjects:
Online Access:Digitalia Hispánica

MARC

LEADER 00000nam a2200000Ii 4500
001 DIGEDIUOC020
003 NyNyDIG
006 m o d
007 cr |||||||||||
008 131201s2008 sp a ob 000 0 spa d
020 |a 9788490294932   |q (eBook) 
020 |z 9788497887472 
020 |z 8497887476 
035 |a (OCoLC)847591320 
040 |a DGITA  |b eng  |e pn  |c DGITA 
050 1 4 |a RM315 eBook 
100 1 |a Redolar Ripoll, Diego.  
245 1 0 |a Cerebro y adicción :  |b neurobiología del refuerzo /  |c Diego Redolar Ripoll. 
250 |a 1. ed. en lengua castellana. 
264 1 |a Barcelona :  |b Editorial UOC,  |c 2008. 
300 |a 1 online resource (566 pages) ;  |b ill. 
336 |a text  |b txt  |2 rdacontent 
337 |a computer  |b c  |2 rdamedia 
338 |a online resource  |b cr  |2 rdacarrier 
490 1 |a Manuales ;  |v 112.  |a Psicología. 
504 |a Includes bibliographical references (p. 521-566). 
650 0 |a Brain  |x Effect of drugs on.  
650 0 |a Neurotransmitter receptors  |x Effect of drugs on.  
650 0 |a Psychopharmacology.  
650 0 |a Neuropsychopharmacology.  
655 0 |a Electronic books. 
791 2 |a Digitalia (Firm),  |e distributor. 
830 0 |a Psicología (Editorial UOC) 
830 0 |a Manuales (Editorial UOC) ;  |v 112 
793 0 |g Digitalia eBook Collection:  |a Universitat Oberta de Catalunya. 
856 4 0 |3 Digitalia Hispánica  |u https://www.digitaliapublishing.com/a/19970/ 
910 |a Premium Collection: 2007-2012